Stink : (Record no. 596)
[ view plain ]
| 000 -LEADER | |
|---|---|
| fixed length control field | 01903cam a22004097i 4500 |
| 005 - DATE AND TIME OF LATEST TRANSACTION | |
| control field | 20230620162845.0 |
| 020 ## - INTERNATIONAL STANDARD BOOK NUMBER | |
| International Standard Book Number | 9780763688295 (trade paperback collection) |
| 020 ## - INTERNATIONAL STANDARD BOOK NUMBER | |
| International Standard Book Number | 0763688290 (trade paperback collection) |
| 020 ## - INTERNATIONAL STANDARD BOOK NUMBER | |
| International Standard Book Number | 9780763663889 (hardcover) |
| 020 ## - INTERNATIONAL STANDARD BOOK NUMBER | |
| International Standard Book Number | 9780763664268 (paperback) |
| 020 ## - INTERNATIONAL STANDARD BOOK NUMBER | |
| International Standard Book Number | 9780763663896 (hardcover) |
| 020 ## - INTERNATIONAL STANDARD BOOK NUMBER | |
| International Standard Book Number | 9780763664206 (paperback) |
| 040 ## - CATALOGING SOURCE | |
| Original cataloging agency | DLC |
| Language of cataloging | eng |
| Transcribing agency | DLC |
| Description conventions | rda |
| Modifying agency | DLC |
| 050 00 - LIBRARY OF CONGRESS CALL NUMBER | |
| Classification number | MLCS 2018/41790 (P) |
| 082 ## - DEWEY DECIMAL CLASSIFICATION NUMBER | |
| Classification number | Fic |
| 100 1# - MAIN ENTRY--PERSONAL NAME | |
| Personal name | McDonald, Megan, |
| Relator term | author. |
| 245 10 - TITLE STATEMENT | |
| Title | Stink : |
| Remainder of title | Twice as incredible / |
| Statement of responsibility, etc. | Megan McDonald ; illustrated by Peter H. Reynolds. |
| 246 3# - VARYING FORM OF TITLE | |
| Title proper/short title | Twice as incredible |
| 246 3# - VARYING FORM OF TITLE | |
| Title proper/short title | Stink : the incredible shrinking kid |
| 246 3# - VARYING FORM OF TITLE | |
| Title proper/short title | Stink and the incredible super-galactic jawbreaker |
| 250 ## - EDITION STATEMENT | |
| Edition statement | First trade edition. |
| 260 ## - PUBLICATION, DISTRIBUTION, ETC. | |
| Place of publication, distribution, etc. | Somerville : |
| Name of publisher, distributor, etc. | Candlewick Press, |
| Date of publication, distribution, etc. | 2005. |
| 300 ## - PHYSICAL DESCRIPTION | |
| Extent | 277 pages : |
| Other physical details | illustrations ; |
| Dimensions | 20 cm. |
| 490 0# - SERIES STATEMENT | |
| Series statement | Stink ; |
| Volume/sequential designation | #1 |
| 490 0# - SERIES STATEMENT | |
| Series statement | Stink ; |
| Volume/sequential designation | #2 |
| 505 0# - FORMATTED CONTENTS NOTE | |
| Formatted contents note | K |
| 505 0# - FORMATTED CONTENTS NOTE | |
| Formatted contents note | Stink : the incredible shrinking kid -- Stink and the incredible super-galactic jawbreaker. |
| 520 ## - SUMMARY, ETC. | |
| Summary, etc. | Incredible shrinking kid: The shortest kid in the second grade, James Moody, also known as Stink, learns about the shortest president of the United States, James Madison, when they celebrate Presidents' Day at schooland discovers candy companies will send him free samples if he writes letters to them. |
| 520 ## - SUMMARY, ETC. | |
| Summary, etc. | Incredible super-galactic jawbreaker: Seven-year-old Stink Moody discovers that he can get free samples by writing letters to candy companies and plans a surprise for his best friend's birthday. |
| 521 ## - TARGET AUDIENCE NOTE | |
| Target audience note | 540 <br/> |
| Source | Lexile |
| 521 ## - TARGET AUDIENCE NOTE | |
| Target audience note | K <br/> |
| Source | Raz-Plus |
| 700 1# - ADDED ENTRY--PERSONAL NAME | |
| Personal name | Reynolds, Peter H. |
| Fuller form of name | (Peter Hamilton), |
| Dates associated with a name | 1961- |
| Relator term | illustrator. |
| 906 ## - LOCAL DATA ELEMENT F, LDF (RLIN) | |
| a | 7 |
| b | cbc |
| c | orignew |
| d | 4 |
| e | ncip |
| f | 20 |
| g | y-gencatlg |
| 942 ## - ADDED ENTRY ELEMENTS (KOHA) | |
| Source of classification or shelving scheme | Dewey Decimal Classification |
| Koha item type | Books |
| Suppress in OPAC | No |
| 999 ## - | |
| -- | 596 |
| -- | 596 |
| Withdrawn status | Lost status | Source of classification or shelving scheme | Damaged status | Not for loan | Collection | Home library | Current library | Shelving location | Date acquired | Total Checkouts | Full call number | Barcode | Date last seen | Date last checked out | Price effective from | Koha item type |
|---|---|---|---|---|---|---|---|---|---|---|---|---|---|---|---|---|
| Dewey Decimal Classification | Juvenile Fiction | Footprints International School Library Network Toul Kork Campus | Footprints International School Library Network Toul Kork Campus | TK Primary Library Room(4th Floor), Bookcase 3&4, Shelves 17-32, Yellow Books | 06/20/2023 | 2 | MCD Fic PZ7.M478419 | FISTK00396 | 10/31/2025 | 10/17/2025 | 06/20/2023 | Books |
